000 02553nam a22006017a 4500
003 OSt
005 20230816104224.0
008 220929b |||||||| |||| 00| 0 eng d
040 _cBiblioteca Lado V
082 _a779.942.092
_bI12o
100 _9938
_aIbarra, Alejandro
_eeditor
245 _aOrgullo/
_bGuía del dosmil dieciocho/
260 _bFrente por los derechos igualitarios
_c2018
_aCosta Rica
300 _a99p.
_c16.5x21.5cm
490 _v2018
_a5
505 _aNos querían matar pero nos elevaron al cielo
_rDavid Ulloa
505 _aHitos Históricos LGBTI 2017-2018
_tJOSE DANIEL CLARKE
505 _aANUARIO DE MI BISEXUALIDAD
_rNAT DIAZ
505 _aYO NO QUERÍA SER LESBIANA
_rMICHELLE ROE
505 _aEDITORIAL FOTOGRAFICO THE PUSSY GANG
_tPÍA MORALES
505 _aLESBIANDRAMA
_gSHI ALARCÓN
505 _aSOBRE LO QUEER
_tCAMILO FERNANDEZ
505 _aEDITORIAL FOTOGRÁFICO TRIBUS GAYS
_gALEJANDRO IBARRA
505 _aCON CUÁL ENTONCES?
_rMAURICIO CANTILLO
505 _aSUEÑO UNA VAGINA
505 _aDETRÁS DEL PORTÓN ROJO Y MÁS ALLÁ
505 _aLOS RETOS DE LA ADMINISTRACIÓN ALVARADO
505 _aENTREVISTA A KIKE SÁNCHEZ
_rDAVID ULLOA
505 _aSAN CARLOS
_rMAX RODRIGUEZ
505 _aCUERPOS Y TERRITORIOS INDÓMITOS
505 _aHOLA, MAMI
505 _aEDITORIAL FOTOGRÁFICO, GRACIAS!!
505 _aCODA Y CANCIÓN RECUERDO
_rALFONSO CHASE
505 _aDIOS E INGENUIDAD
_rHERÓN SENA
505 _aDE "ENTRE AMIGOS" A LA "FEDERACIÓN LGBTI": 25 AÑOS DEL MOVIMIENTO DE DISIDENCIA SEXUAL Y GÉNERO EN EL SALVADOR
_rAMARAL ARÉVALO
505 _aEQUIPARAR DERECHOS, PRINCIPIO BÁSICO DE LA JUSTICIA
505 _aELEFANTE BLANCO
505 _aGUSTOS SON GUSTOS?
_gFELIPE GUZMAN
505 _aFLORES, LÁGRIMAS Y MUCHO SEXO
505 _aENTREVISTA JONATHAN SALAS
_gALEJANDRO PIERCY
505 _aBARRERAS DE PROTECCIÓN PARA MSM
_rFERNANDA RIGBY
505 _aLO LÚDICO ES POLÍTICO
505 _aCANCIÓN A MÍ MISMA
505 _aAGENDA POLÍTICA PARA MUJERES LESBIANAS, BISEXUALES Y NO HETEROSEXUALES
505 _aAGENDA DE ACTIVIDADES
650 _2Tesauro de Arte & Arquitectura
_aARTE
650 _2Tesauro de Arte & Arquitectura
_aDIVERSIDAD
650 _2Tesauro de Arte & Arquitectura
_aORGULLO
650 _2Tesauro de Arte & Arquitectura
_aHOMOSEXUALIDAD
650 _2Tesauro de Arte & Arquitectura
_aCRITICA
651 _2Tesauro de Arte & Arquitectura
_aCOSTA RICA
942 _2ddc
_c1
_h779.942.092
_iI12o
_n0
999 _c4126
_d4126